Declaración final de la Conferencia Internacional sobre refugiados centroamericanos (CIREFCA)
sin resumen
Guardado en:
| Format: | Texto |
|---|---|
| Tags: |
Tilføj Tag
Ingen Tags, Vær først til at tagge denne postø!
|
MARC
| LEADER | 00000 a a2200000 04500 | ||
|---|---|---|---|
| 001 | 12521 | ||
| 003 | |||
| 040 | |||
| 245 | |a Declaración final de la Conferencia Internacional sobre refugiados centroamericanos (CIREFCA) | ||
| 520 | |a sin resumen | ||
| 773 | |g volumen 21, número 2; páginas 7-11 | ||
| 999 | |c 25492 |d 25492 | ||
| 773 | 0 | |0 42554 |9 3679 |a Confederación Centroamericana de Trabajadores |d San José, Costa Rica: Confederación Centroamericana de Trabajadores |o MFN: 0999 |t Perspectivas / | |
